| 000 | 00913nam a2200253 a 4500 | ||
|---|---|---|---|
| 001 | 50195 | ||
| 003 | BD-RjUL | ||
| 005 | 20211209075455.0 | ||
| 008 | 160824r20061972bg ||||| |||| 00| 0 eng d | ||
| 020 | _a8175221356(V.48) | ||
| 020 | _a817522021X(set) | ||
| 035 | _a(BD-RjUL)50315 | ||
| 040 |
_aBD-RjUL _bben _cBD-RjUL |
||
| 041 | _aben | ||
| 082 |
_223 _a781.1 _bTAM 2006 |
||
| 100 | 1 |
_aঠাকুর, রবীন্দ্রনাথ _9150467 |
|
| 245 | 1 | 0 |
_aমায়ার খেলা / _c রবীন্দ্রনাথ ঠাকুর |
| 260 |
_aকলকাতা : _bবিশ্বভারতী গ্রন্থবিভগ; _c2006. |
||
| 300 |
_a১৭১ পৃ ; _c২৭ সেমি |
||
| 490 | _aস্বরবিতান ৪৮ সিরিজ | ||
| 650 |
_aসঙ্গীত মূলনীতি _9150468 |
||
| 650 |
_aBasic Principles of Music _9150469 |
||
| 942 |
_2ddc _cBK |
||
| 999 |
_c50195 _d50195 |
||